<?xml version="1.0" encoding="UTF-8"?><?xml-stylesheet type="text/xsl" href="static/style.xsl"?><OAI-PMH xmlns="http://www.openarchives.org/OAI/2.0/" xmlns:xsi="http://www.w3.org/2001/XMLSchema-instance" xsi:schemaLocation="http://www.openarchives.org/OAI/2.0/ http://www.openarchives.org/OAI/2.0/OAI-PMH.xsd"><responseDate>2026-06-02T00:40:27Z</responseDate><request verb="GetRecord" identifier="oai:riuma.uma.es:10630/24842" metadataPrefix="marc">https://riuma.uma.es/rest/oai/request</request><GetRecord><record><header><identifier>oai:riuma.uma.es:10630/24842</identifier><datestamp>2026-02-03T12:54:23Z</datestamp><setSpec>com_10630_19559</setSpec><setSpec>com_10630_3139</setSpec><setSpec>com_10630_10</setSpec><setSpec>col_10630_24801</setSpec></header><metadata><record xmlns="http://www.loc.gov/MARC21/slim" xmlns:dcterms="http://purl.org/dc/terms/" xmlns:doc="http://www.lyncode.com/xoai" xmlns:xsi="http://www.w3.org/2001/XMLSchema-instance" xsi:schemaLocation="http://www.loc.gov/MARC21/slim http://www.loc.gov/standards/marcxml/schema/MARC21slim.xsd">
   <leader>00925njm 22002777a 4500</leader>
   <datafield ind2=" " ind1=" " tag="042">
      <subfield code="a">dc</subfield>
   </datafield>
   <datafield ind2=" " ind1=" " tag="720">
      <subfield code="a">Duarte Cruz, José María</subfield>
      <subfield code="e">author</subfield>
   </datafield>
   <datafield ind2=" " ind1=" " tag="720">
      <subfield code="a">Valenti Nigrini, Giovanna</subfield>
      <subfield code="e">author</subfield>
   </datafield>
   <datafield ind2=" " ind1=" " tag="260">
      <subfield code="c">2022</subfield>
   </datafield>
   <datafield ind2=" " ind1=" " tag="520">
      <subfield code="a">Este artículo indaga cómo la gestión institucional, el involucramiento docente y familiar se amalgaman para el logro escolar sostenido. Se desarrolló en una escuela primaria ubicada en una comunidad marginada en Las Choapas, Veracruz. Los estudiantes obtuvieron puntajes superiores a la media nacional en las pruebas ENLACE 2012, PLANEA 2015 y 2016. Mediante un estudio de caso cualitativo se recabó información con docentes, directivos y familias. Luego del análisis de las interacciones entre los actores educativos, encontramos que la gestión institucional está basada en un liderazgo distribuido, consolidado, con eficiencia técnico-pedagógica; los docentes son experimentados, autónomos, creativos, con arraigo en la comunidad. Las familias se involucran activamente en la escuela, la que perciben como un espacio de interés público y de responsabilidad común. Concluimos que es un centro educativo eficaz y resiliente, los actores asumen con compromiso la tarea de ofrecer una educación de calidad, pese a sus condiciones adversas.</subfield>
   </datafield>
   <datafield ind1="8" ind2=" " tag="024">
      <subfield code="a">Valenti Nigrini. G. y Duarte Cruz, J. M. (2022). Aciertos y desafíos de una escuela eficaz. Un estudio de caso  microsociológico  e  interaccional.   Márgenes,  Revista  de  Educación  de  la  Universidad  de  Málaga, 3 (2),  96-116.   https://doi. org/10.24310/mgnmar.v3i2.12796</subfield>
   </datafield>
   <datafield ind1="8" ind2=" " tag="024">
      <subfield code="a">https://hdl.handle.net/10630/24842</subfield>
   </datafield>
   <datafield ind1="8" ind2=" " tag="024">
      <subfield code="a">https://doi.org/10.24310/mgnmar.v3i2.12796</subfield>
   </datafield>
   <datafield ind2="0" ind1="0" tag="245">
      <subfield code="a">Aciertos y desafíos de una escuela eficaz. Un estudio de caso microsociológico e interaccional</subfield>
   </datafield>
</record>
</metadata></record></GetRecord></OAI-PMH>